00538nam a2200205Ia 4500003000400000005001700004006001900021007000300040008004100043024001000084037001200094040002000106041001300126082001800139100001100157245007400168260004700242300001900289650002400308OSt20220928131155.0a|||||r|||| 00| 0 ta220927b |||||||| |||| 00| 0 eng d a69128 cTextual aSDCLcSDCLbeng 2engaeng aX:54.41'P, P6 aLo Chi 0aPhantom of the China economic threatbShadow of the next Asian crisis aNew York b Palgrave Macmillan c2006 axxiv,204pccm. aForeign Trade China